000 00674nam a2200289Ia 4500
005 20260324140237.0
008 008 260324s9999 xx 000 0 eng d
020 _a9780203044612
037 _aEBOOK
040 _aCRL
040 _beng
040 _cCRL
041 _2eng
041 _aeng
084 _qCRL
100 _aDouglas A. Borer
_91203656
245 0 _aSuperpowers Defeated
245 0 _bVietnam and Afghanistan Compared
260 _bTaylor and Francis
260 _c1999
365 _a
365 _b255
856 _uhttp://www.taylorfrancis.com/books/9780203044612
942 _cEBOOK
999 _c1805537
_d1805537